The hydrogen economy (Record no. 15548)

MARC details
000 -LEADER
fixed length control field 00601nam a2200181Ia 4500
003 - CONTROL NUMBER IDENTIFIER
control field IN-BaIIA
008 - FIXED-LENGTH DATA ELEMENTS--GENERAL INFORMATION
fixed length control field 211028s9999 xx 000 0 eng d
020 ## - INTERNATIONAL STANDARD BOOK NUMBER
International Standard Book Number 1-58542-193-6
040 ## - CATALOGING SOURCE
Transcribing agency IIA Library
080 ## - UNIVERSAL DECIMAL CLASSIFICATION NUMBER
Universal Decimal Classification number 330:546.11
Item number RIF
100 ## - MAIN ENTRY--PERSONAL NAME
Personal name Rifkin, Jeremy.
9 (RLIN) 28683
245 #4 - TITLE STATEMENT
Title The hydrogen economy
Remainder of title the creation of the worldwide energy web and the redistribution of power on earth
Statement of responsibility, etc. Jeremy Rifkin
260 ## - PUBLICATION, DISTRIBUTION, ETC.
Place of publication, distribution, etc. New York
Name of publisher, distributor, etc. J.P. Tarcher
Date of publication, distribution, etc. 2002
300 ## - PHYSICAL DESCRIPTION
Extent 294p.
650 ## - SUBJECT ADDED ENTRY--TOPICAL TERM
Topical term or geographic name entry element Globalization
9 (RLIN) 28684
650 ## - SUBJECT ADDED ENTRY--TOPICAL TERM
Topical term or geographic name entry element Hydrogen as Fuel
9 (RLIN) 28685
942 ## - ADDED ENTRY ELEMENTS (KOHA)
Koha item type Books
Holdings
Withdrawn status Lost status Damaged status Not for loan Home library Current library Shelving location Date acquired Source of acquisition Cost, normal purchase price Total Checkouts Full call number Barcode Date last seen Cost, replacement price Price effective from Koha item type Purchase Price
        IIA Library-Bangalore IIA Library-Bangalore General Stacks 19/12/2003 EDS 1136.72   330:546.11/ RIF 16470 05/11/2021 1136.72 19/12/2003 Books Rs. 1136.72

Powered by Koha